What architecture means : (Record no. 7772)

000 -LEADER
fixed length control field 00546cam a2200169 i 4500
003 - CONTROL NUMBER IDENTIFIER
control field OSt
005 - DATE AND TIME OF LATEST TRANSACTION
control field 20200521102733.0
008 - FIXED-LENGTH DATA ELEMENTS--GENERAL INFORMATION
fixed length control field 150213s2016 nyua b 001 0 eng
020 ## - INTERNATIONAL STANDARD BOOK NUMBER
International Standard Book Number 9780415739047 (pbk. : alk. paper)
082 00 - DEWEY DECIMAL CLASSIFICATION NUMBER
Classification number 720COS
Edition number 23
100 1# - MAIN ENTRY--PERSONAL NAME
Personal name Costanzo, Denise,
Relator term author.
245 10 - TITLE STATEMENT
Title What architecture means :
Remainder of title connecting ideas and design /
Statement of responsibility, etc Denise Costanzo.
300 ## - PHYSICAL DESCRIPTION
Extent x, 289 pages :
Other physical details illustrations ;
Dimensions 24 cm
504 ## - BIBLIOGRAPHY, ETC. NOTE
Bibliography, etc Includes bibliographical references (pages 272-278) and index.
650 #0 - SUBJECT ADDED ENTRY--TOPICAL TERM
Topical term or geographic name as entry element Architecture.
942 ## - ADDED ENTRY ELEMENTS (KOHA)
Source of classification or shelving scheme
Holdings
Withdrawn status Lost status Source of classification or shelving scheme Damaged status Koha normalized classification for sorting Not for loan Permanent location Current location Date acquired Total Checkouts Full call number Barcode Date last seen Date last borrowed Price effective from Koha item type
        720COS   BMS College of Architecture, Design and Planning BMS College of Architecture, Design and Planning 2020-05-21 1 720COS AR-UG1449 2026-01-07 2026-01-05 2020-05-21 UG Books
Copyright © 2025, The Librarian, Library and Information Centre, BMSCA D&P, Bengaluru. All Rights Reserved
web counter

Powered by Koha